00703nam a2200241 a 4500001001300000003000900013005001700022008004100039020002300080082001900103100001800122245004300140260003500183300000900218500003500227505001000262650002200272700001800294902000800312942000700320952011900327999001500446nice12345678IN_TiNIC20260116011526.0071008s2006 dela grp 000 0 eng  a8188869236 c10000a305.80094bROH aRohe, Mathias aMuslim Minorities and the Law Ineurope aDelhibGlobal Media Pub c2006 a173p aincludes index and biblioraphy2 aIndex aMinorities-Europe1 aRohe, Mathias bSRS cBK 001040708StackRoom-aHMIbHMId2007-10-08g100.00l0o305.80094 ROHp01975r2007-10-08v100.00w2007-10-08yBK c2314d2314